000 00851nam a22002537a 4500
999 _c10285
_d10285
003 AR-CdUCM
008 190329b ||||| |||| 00| 0 spa d
040 _aMUNICIPALIDAD PROVINCIAL DEL CUSCO
_cBIBLIOTECA MUNICIPAL DEL CUSCO
082 _a869.56 /
_bOJ38E / 1972
100 _aOjeda, Juan
_927061
245 _aEleusis /
260 _aLima :
_bGargola,
_c1972.
300 _a3 páginas. :
_c32 cm.
440 _aColección de poesía
_n2
_927062
500 _aDonación de la familia Nieto. Tríptico artesanal. Viñeta de la portada: Hermónejes Janampa.
505 _aContenido: Poesía
650 _aPoesía peruana
_946941
650 _aSiglo XX
_946942
650 _aPoetas peruanos
_91611
650 _aChimbote Perú
_946943
700 _aSánchez Lihón, Danilo
_eeditor
_9846
942 _2ddc
_cLIBROS
945 _apjha
_d2019-05-14